000 00326nam a22001337a 4500
008 180104b xxu||||| |||| 00| 0 eng d
020 _a9780683083675
041 _aeng
080 _a617
100 _a8
101 _aORT
245 _aMYOFASCIAL PAIN AND DYSFUNCTION THE TRIGGER POINT MANUAL
_cTRAVELL,J.G
942 _2udc
_cBK
999 _c39749
_d39749